[Event "NED-chT 0304"]
[Site "Netherlands"]
[Date "2004.05.15"]
[Round "9.10"]
[White "Vink, Nico"]
[Black "Boersma, Paul"]
[Result "0-1"]
[WhiteElo "2314"]
[BlackElo "2294"]
[PlyCount "80"]
[EventDate "2003.09.27"]
[EventType "team-tourn"]
[EventRounds "9"]
[EventCountry "NED"]
[SourceTitle "EXT 2014"]
[Source "ChessBase"]
[SourceDate "2013.11.20"]
[SourceVersion "1"]
[SourceVersionDate "2013.11.20"]
[SourceQuality "1"]
[WhiteTeam "Amstelveen"]
[BlackTeam "Hilversum HSG"]
[WhiteTeamCountry "NED"]
[BlackTeamCountry "NED"]

1. e4 c5 2. Nf3 Nc6 3. d4 cxd4 4. Nxd4 e6 5. Nc3 Qc7 6. Be3 Nf6 7. Bd3 a6 8. 0-0 b5 9. Qe2 Bb7 10. Rad1 Bd6 11. h3 Bh2+ 12. Kh1 Be5 13. Nb3 Ne7 14. Bd4 Ng6 15. Qe3 Bf4 16. Qe1 0-0 17. Bc5 Rfe8 18. a4 bxa4 19. Nxa4 Qc6 20. Na5 Qxa4 21. b3 Qa2 22. Ra1 Qxa1 23. Qxa1 Bxe4 24. Bxe4 Nxe4 25. Bb4 Rec8 26. Nc4 Rab8 27. Qa4 d5 28. Na3 Rb6 29. Kg1 Ne5 30. Ba5 Rbc6 31. Rd1 Bg5 32. Bb4 Bd8 33. c4 Bb6 34. cxd5 Bxf2+ 35. Kf1 exd5 36. Be1 Rf6 37. Bxf2 Nxf2 38. Rxd5 Nxh3+ 39. Ke1 Nf4 40. Kd2 Nxd5 0-1

[Event "BL2-West 0203"]
[Site "Germany"]
[Date "2003.02.23"]
[Round "7.7"]
[White "Vink, Nico"]
[Black "Waldschmidt, Georg"]
[Result "1-0"]
[WhiteElo "2310"]
[BlackElo "2221"]
[PlyCount "151"]
[EventDate "2002.10.20"]
[EventType "team-tourn"]
[EventRounds "9"]
[EventCountry "GER"]
[SourceTitle "EXT 2004"]
[Source "ChessBase"]
[SourceDate "2003.11.25"]
[SourceVersion "1"]
[SourceVersionDate "2003.11.25"]
[SourceQuality "1"]
[WhiteTeam "Betzdorf Kirchen"]
[BlackTeam "Castrop Rauxel"]
[WhiteTeamCountry "GER"]
[BlackTeamCountry "GER"]

1. e4 e6 2. d4 d5 3. Nd2 Nf6 4. e5 Nfd7 5. Bd3 c5 6. c3 Nc6 7. Ne2 cxd4 8. cxd4 f6 9. exf6 Nxf6 10. Nf3 Qc7 11. 0-0 Bd6 12. Nc3 a6 13. Bg5 0-0 14. Bh4 Nh5 15. Re1 g6 16. Bf1 Qg7 17. Bg3 Nxg3 18. hxg3 g5 19. Qd2 g4 20. Ne5 Nxe5 21. dxe5 Bxe5 22. Rad1 Bb8 23. Rc1 Ba7 24. Nd1 Kh8 25. Qb4 Rf7 26. Be2 e5 27. Qd6 Qf6 28. Qxd5 Be6 29. Qe4 Rd8 30. Bd3 Rd4 31. Qxe5 Qxe5 32. Rxe5 Bxa2 33. Be2 Rd8 34. Bxg4 Rg7 35. Bf3 Rxg3 36. Re7 Rg7 37. Rxg7 Kxg7 38. Rc7+ Kh6 39. Rxb7 Bd4 40. Ne3 Bb1 41. Rc7 Rd6 42. b3 Rb6 43. Bd5 Rd6 44. Bg8 Bg6 45. Kf1 Bd3+ 46. Kg1 Bg6 47. Bc4 Bb6 48. Rb7 Bd4 49. Re7 Bc5 50. Ng4+ Kg5 51. Re5+ Kxg4 52. Rxc5 Rd1+ 53. Kh2 Ra1 54. Be2+ Kf4 55. Rc4+ Kf5 56. Ra4 Rxa4 57. bxa4 a5 58. Bb5 Kf4 59. Bc6 Bc2 60. Kh3 Kg5 61. Kg3 Bd1 62. Bd7 h6 63. f4+ Kf6 64. Kf2 Ke7 65. Bb5 Kf6 66. Ke3 Bc2 67. g3 Bd1 68. Kd4 Bc2 69. Kc5 Kf5 70. Bd7+ Ke4 71. Kb5 h5 72. f5 Ke5 73. Kxa5 Bxf5 74. Bxf5 Kxf5 75. Kb4 Kg4 76. a5 1-0

[Event "NED-chT 0203"]
[Site "Netherlands"]
[Date "2002.09.28"]
[Round "1.6"]
[White "Vink, Nico"]
[Black "Henrichs, Thomas"]
[Result "1-0"]
[WhiteElo "2310"]
[BlackElo "2437"]
[PlyCount "65"]
[EventDate "2002.09.28"]
[EventType "team-tourn"]
[EventRounds "9"]
[EventCountry "NED"]
[SourceTitle "EXT 2015"]
[Source "ChessBase"]
[SourceDate "2014.11.20"]
[SourceVersion "1"]
[SourceVersionDate "2014.11.20"]
[SourceQuality "1"]
[WhiteTeam "Amstelveen Zukertort"]
[BlackTeam "ING/ESGOO Enschede"]
[WhiteTeamCountry "NED"]
[BlackTeamCountry "NED"]

1. e4 d6 2. d4 Nf6 3. Nc3 g6 4. Nf3 Bg7 5. h3 0-0 6. Be3 a6 7. a4 b6 8. Nd2 Bb7 9. g4 c5 10. d5 e6 11. Bg2 exd5 12. exd5 Re8 13. 0-0 Nbd7 14. Nc4 Ne5 15. Nxe5 Rxe5 16. Qd3 h5 17. Bf4 Re7 18. Qg3 hxg4 19. hxg4 Ne8 20. Rad1 Bd4 21. Rd3 Qd7 22. Qh4 f6 23. Rh3 Rh7 24. Qxh7+ Qxh7 25. Rxh7 Kxh7 26. Re1 Be5 27. Bxe5 dxe5 28. f4 Nd6 29. fxe5 fxe5 30. Rxe5 Rd8 31. Ne4 Bc8 32. Re7+ Kh6 33. g5+ 1-0

[Event "HMC Masters"]
[Site "Den Bosch"]
[Date "2002.06.02"]
[Round "5"]
[White "Abeln, Michiel"]
[Black "Vink, Nico"]
[Result "0-1"]
[WhiteElo "2281"]
[BlackElo "2302"]
[PlyCount "44"]
[EventDate "2002.05.31"]
[EventType "tourn"]
[EventRounds "5"]
[EventCountry "NED"]
[EventCategory "3"]
[SourceTitle "CBM 088 Extra"]
[Source "ChessBase"]
[SourceDate "2002.07.01"]
[SourceVersion "2"]
[SourceVersionDate "2002.07.01"]
[SourceQuality "1"]

1. Nf3 Nf6 2. c4 c6 3. Nc3 d5 4. e3 e6 5. d4 Be7 6. Bd3 Nbd7 7. 0-0 0-0 8. Qe2 dxc4 9. Bxc4 b5 10. Bd3 a6 11. e4 Bb7 12. Bg5 c5 13. Rad1 cxd4 14. Nxd4 b4 15. Nb1 Qa5 16. Nf3 Nc5 17. Bc2 Ncxe4 18. Qe3 Ng4 19. Qf4 Nxg5 20. Qxg4 f5 21. Qg3 f4 22. Qg4 h5 0-1

[Event "HMC Masters"]
[Site "Den Bosch"]
[Date "2002.06.01"]
[Round "3"]
[White "Muhren, Willem"]
[Black "Vink, Nico"]
[Result "1-0"]
[WhiteElo "2198"]
[BlackElo "2302"]
[PlyCount "53"]
[EventDate "2002.05.31"]
[EventType "tourn"]
[EventRounds "5"]
[EventCountry "NED"]
[EventCategory "3"]
[SourceTitle "CBM 088 Extra"]
[Source "ChessBase"]
[SourceDate "2002.07.01"]
[SourceVersion "2"]
[SourceVersionDate "2002.07.01"]
[SourceQuality "1"]

1. e4 c5 2. Nf3 d6 3. d4 cxd4 4. Nxd4 Nf6 5. Nc3 a6 6. Be3 e5 7. Nb3 Be6 8. f3 Qc7 9. Qd2 Nbd7 10. 0-0-0 b5 11. Nd5 Bxd5 12. exd5 Rc8 13. Qf2 Qb7 14. Na5 Qa8 15. Qd2 Be7 16. Kb1 0-0 17. c4 bxc4 18. Bxc4 Nb8 19. Rc1 Bd8 20. Bb3 Bxa5 21. Qxa5 Qb7 22. Rxc8 Rxc8 23. Rc1 h6 24. Rxc8+ Qxc8 25. Qb6 Ne8 26. Ba4 Qc4 27. Bxe8 1-0

[Event "Stork Young Masters"]
[Site "Hengelo"]
[Date "2001.08.10"]
[Round "7"]
[White "Vink, Nico"]
[Black "Zhigalko, Andrey"]
[Result "0-1"]
[WhiteElo "2281"]
[BlackElo "2400"]
[PlyCount "100"]
[EventDate "2001.08.06"]
[EventType "tourn"]
[EventRounds "9"]
[EventCountry "NED"]
[EventCategory "7"]
[SourceTitle "CBM 083 Extra"]
[Source "ChessBase"]
[SourceDate "2001.09.11"]
[SourceVersion "1"]
[SourceVersionDate "2001.09.11"]
[SourceQuality "1"]

1. e4 c5 2. Nf3 d6 3. d4 cxd4 4. Nxd4 Nf6 5. Nc3 a6 6. Be3 Nc6 7. Be2 e6 8. 0-0 Be7 9. Kh1 0-0 10. f4 Qc7 11. Nb3 b5 12. a3 Re8 13. Qe1 Bb7 14. Qg3 b4 15. axb4 Nxb4 16. Bd3 Rab8 17. e5 Nd7 18. exd6 Bxd6 19. Na5 Ba8 20. Nc4 Bf8 21. Qf2 Nc5 22. Rfd1 Ncxd3 23. cxd3 Nxd3 24. Rxd3 Qxc4 25. Rd2 Red8 26. Rc2 Rd3 27. Rcc1 Rbd8 28. Re1 Qc6 29. Ra5 g6 30. h4 Be7 31. Re2 R8d7 32. h5 Bf6 33. Rc5 Qb7 34. hxg6 hxg6 35. Rc4 Rc7 36. Rxc7 Qxc7 37. Rc2 Qc6 38. Re2 Kg7 39. Kg1 a5 40. Ba7 Qc4 41. Bb8 Be7 42. Kh2 Rd8 43. Qa7 Rh8+ 44. Kg3 Qd3+ 45. Kf2 Bf6 46. Re3 Qd2+ 47. Ne2 Bh4+ 48. g3 Bxg3+ 49. Rxg3 Rh2+ 50. Kg1 Qe1+ 0-1

[Event "Stork Young Masters"]
[Site "Hengelo"]
[Date "2001.08.08"]
[Round "6"]
[White "Jackova, Jana"]
[Black "Vink, Nico"]
[Result "1-0"]
[WhiteElo "2350"]
[BlackElo "2281"]
[PlyCount "43"]
[EventDate "2001.08.06"]
[EventType "tourn"]
[EventRounds "9"]
[EventCountry "NED"]
[EventCategory "7"]
[SourceTitle "CBM 083 Extra"]
[Source "ChessBase"]
[SourceDate "2001.09.11"]
[SourceVersion "1"]
[SourceVersionDate "2001.09.11"]
[SourceQuality "1"]

1. e4 c5 2. Nf3 d6 3. d4 cxd4 4. Nxd4 Nf6 5. Nc3 a6 6. Bc4 Nbd7 7. a3 Qc7 8. Ba2 e6 9. 0-0 Nc5 10. Qe2 Be7 11. Bd2 0-0 12. f4 Qb6 13. e5 dxe5 14. fxe5 Nfd7 15. Kh1 Na4 16. Nxe6 Nxc3 17. Qg4 fxe6 18. Bh6 Rxf1+ 19. Rxf1 g6 20. Qf3 Nxa2 21. Qf7+ Kh8 22. Bg7# 1-0

[Event "Stork Young Masters"]
[Site "Hengelo"]
[Date "2001.08.07"]
[Round "4"]
[White "Janssen, Ruud"]
[Black "Vink, Nico"]
[Result "1/2-1/2"]
[WhiteElo "2437"]
[BlackElo "2281"]
[PlyCount "179"]
[EventDate "2001.08.06"]
[EventType "tourn"]
[EventRounds "9"]
[EventCountry "NED"]
[EventCategory "7"]
[SourceTitle "CBM 083 Extra"]
[Source "ChessBase"]
[SourceDate "2001.09.11"]
[SourceVersion "1"]
[SourceVersionDate "2001.09.11"]
[SourceQuality "1"]

1. d4 Nf6 2. c4 e6 3. Nf3 Bb4+ 4. Bd2 Qe7 5. g3 0-0 6. Bg2 Bxd2+ 7. Qxd2 d6 8. Nc3 e5 9. 0-0 Nc6 10. d5 Nb8 11. b4 Bf5 12. Nh4 Bg6 13. e4 Nbd7 14. a3 Rfc8 15. f3 c6 16. Bh3 cxd5 17. Nxd5 Nxd5 18. cxd5 Rc4 19. Rac1 Rac8 20. Rxc4 Rxc4 21. Rc1 Nb6 22. Bf1 Rc7 23. Rc3 Qd8 24. Bh3 Rc4 25. Bf1 Rc7 26. Qc1 Rxc3 27. Qxc3 Qc8 28. Qxc8+ Nxc8 29. Kf2 Nb6 30. Ke3 Kf8 31. Bd3 f6 32. Kd2 Be8 33. Nf5 Nc8 34. Ne3 Nb6 35. Nf5 Nc8 36. Ne3 Nb6 37. f4 Bd7 38. f5 Ke7 39. h4 Be8 40. g4 h6 41. Kc3 Bd7 42. Be2 Be8 43. Bd3 Bd7 44. Nf1 Ba4 45. Be2 Be8 46. Nd2 Kd8 47. Nf3 Ke7 48. Ng1 Na8 49. Nh3 Nc7 50. Nf2 Nb5+ 51. Bxb5 Bxb5 52. Kd2 Kd7 53. Nd1 Ke7 54. Ke3 Kd8 55. Nc3 Be8 56. Kf3 Kc7 57. Kg3 Kd8 58. g5 hxg5 59. hxg5 Ke7 60. g6 Kd8 61. Kf2 Kc7 62. Ke3 Kd8 63. a4 Ke7 64. Kd3 Kd8 65. Kc4 Kc7 66. b5 Kd8 67. Kb4 Bd7 68. Ka5 Be8 69. Nd1 Kd7 70. Ne3 Kd8 71. Nc4 Kd7 72. Ne3 Kd8 73. Nc2 Kc7 74. Kb4 Kd8 75. Kc4 Bd7 76. Nb4 Bc8 77. Na2 Ke7 78. Nc3 Kd8 79. Ne2 Ke8 80. Ng3 Ke7 81. Nh5 Kf8 82. Kb4 Bd7 83. Ng3 Ke7 84. Nf1 Bc8 85. Ne3 Ke8 86. Kc4 Kd8 87. Nc2 Ke8 88. Nb4 Kd8 89. a5 a6 90. b6 1/2-1/2

[Event "Stork Young Masters"]
[Site "Hengelo"]
[Date "2001.08.06"]
[Round "1"]
[White "Vink, Nico"]
[Black "Werle, Jan"]
[Result "1/2-1/2"]
[WhiteElo "2281"]
[BlackElo "2412"]
[PlyCount "97"]
[EventDate "2001.08.06"]
[EventType "tourn"]
[EventRounds "9"]
[EventCountry "NED"]
[EventCategory "7"]
[SourceTitle "CBM 083 Extra"]
[Source "ChessBase"]
[SourceDate "2001.09.11"]
[SourceVersion "1"]
[SourceVersionDate "2001.09.11"]
[SourceQuality "1"]

1. e4 c5 2. Nf3 d6 3. d4 cxd4 4. Nxd4 Nf6 5. Nc3 Nc6 6. Bg5 e6 7. Qd2 a6 8. 0-0-0 h6 9. Be3 Be7 10. Be2 Nxd4 11. Qxd4 Qa5 12. Qb6 Qxb6 13. Bxb6 Bd7 14. f4 Bc6 15. Bf3 Rc8 16. Rhe1 g5 17. g3 Rg8 18. Rd3 Nd7 19. Bf2 b5 20. a3 g4 21. Bd1 Nc5 22. Rd2 a5 23. Bxc5 dxc5 24. e5 c4 25. Ne4 Bxe4 26. Rxe4 Bc5 27. c3 a4 28. Re1 Ke7 29. Bc2 Rcd8 30. Be4 Rxd2 31. Kxd2 Kd7 32. Ke2 h5 33. Rh1 h4 34. gxh4 Rh8 35. h3 g3 36. Bg2 Rxh4 37. Kf3 Bf2 38. Rd1+ Ke7 39. Ke4 f6 40. exf6+ Kxf6 41. Rd8 Rh5 42. Rd7 Bc5 43. Kf3 Rd5 44. Rxd5 exd5 45. Kxg3 Ke6 46. f5+ Ke5 47. f6 Kxf6 48. Bxd5 Be3 49. Bc6 1/2-1/2

[Event "Dieren op"]
[Site "Dieren"]
[Date "2001.07.19"]
[Round "3"]
[White "Van den Bersselaar, Jeroen"]
[Black "Vink, Nico"]
[Result "0-1"]
[WhiteElo "2137"]
[BlackElo "2281"]
[PlyCount "48"]
[EventDate "2001.07.17"]
[EventType "swiss"]
[EventRounds "9"]
[EventCountry "NED"]
[SourceTitle "CBM 083 Extra"]
[Source "ChessBase"]
[SourceDate "2001.09.11"]
[SourceVersion "1"]
[SourceVersionDate "2001.09.11"]
[SourceQuality "1"]

1. d4 Nf6 2. c4 e6 3. Nc3 Bb4 4. e3 b6 5. Nge2 Bb7 6. a3 Be7 7. Nf4 0-0 8. Bd3 c5 9. 0-0 d6 10. b3 Nbd7 11. Bb2 Re8 12. Bc2 Nf8 13. Nh5 Ng6 14. f4 Nh4 15. d5 Nxh5 16. Qxh5 g6 17. Qe2 Bf6 18. Rad1 exd5 19. cxd5 Bd4 20. Rxd4 cxd4 21. Nd1 Qc8 22. e4 f5 23. Qf2 fxe4 24. Qxd4 Qc5 0-1

[Event "NED-chT 0001"]
[Site "Netherlands"]
[Date "2001.03.25"]
[Round "8.10"]
[White "Erwich, Marc"]
[Black "Vink, Nico"]
[Result "1-0"]
[WhiteElo "2240"]
[BlackElo "2335"]
[PlyCount "89"]
[EventDate "2000.11.18"]
[EventType "team-tourn"]
[EventRounds "9"]
[EventCountry "NED"]
[SourceTitle "EXT 2002"]
[Source "ChessBase"]
[SourceDate "2001.11.25"]
[SourceVersion "1"]
[SourceVersionDate "2001.11.25"]
[SourceQuality "1"]
[WhiteTeam "Leiden LSG"]
[BlackTeam "Amstelveen Zukertort"]
[WhiteTeamCountry "NED"]
[BlackTeamCountry "NED"]

1. e4 c5 2. Nf3 d6 3. d4 cxd4 4. Nxd4 Nf6 5. Nc3 a6 6. Be2 e5 7. Nb3 Be6 8. f4 Qc7 9. 0-0 Nbd7 10. Be3 Be7 11. a4 0-0 12. Kh1 exf4 13. Rxf4 Ne5 14. Nd5 Bxd5 15. exd5 Rac8 16. c3 Nfd7 17. Bg1 g6 18. a5 Bg5 19. Rb4 Rce8 20. Qf1 Re7 21. Rd1 Rfe8 22. Qf2 f5 23. Qa7 Nf6 24. Bf1 Neg4 25. Nd4 Be3 26. Bxe3 Nxe3 27. Ne6 Rxe6 28. dxe6 Nxd1 29. Rxb7 Qc5 30. Qxc5 dxc5 31. Bxa6 Kh8 32. Bc4 Nf2+ 33. Kg1 N2e4 34. Rb6 Rd8 35. Be2 Nd5 36. Rb7 Nf4 37. e7 Nxe2+ 38. Kf1 Re8 39. Kxe2 Nd6 40. Rd7 Nf7 41. a6 Kg7 42. a7 Kf6 43. Kd2 Ke6 44. Rb7 Ne5 45. Rb8 1-0

[Event "NED-ch56 sf"]
[Site "Leeuwarden"]
[Date "2001.02.11"]
[Round "1.2"]
[White "Solleveld, Maarten"]
[Black "Vink, Nico"]
[Result "1-0"]
[WhiteElo "2414"]
[BlackElo "2335"]
[PlyCount "51"]
[EventDate "2001.02.10"]
[EventType "k.o."]
[EventRounds "3"]
[EventCountry "NED"]
[SourceTitle "CBM 080 Extra"]
[Source "ChessBase"]
[SourceDate "2001.03.08"]
[SourceVersion "1"]
[SourceVersionDate "2001.03.08"]
[SourceQuality "1"]

1. e4 c5 2. Nc3 d6 3. f4 g6 4. Nf3 Bg7 5. Bc4 Nc6 6. 0-0 e6 7. d3 Nge7 8. Qe1 0-0 9. f5 d5 10. Bb3 c4 11. dxc4 dxe4 12. f6 Bxf6 13. Nxe4 Bg7 14. Bg5 f5 15. Rd1 Qc7 16. Nd6 Kh8 17. Bf4 e5 18. Nxe5 Nxe5 19. Qxe5 Bxe5 20. Bxe5+ Kg8 21. c5+ Be6 22. Bxe6+ Rf7 23. Nxf7 Qxc5+ 24. Bd4 Qxc2 25. Bb3 Qe2 26. Rfe1 1-0

[Event "Corus-B"]
[Site "Wijk aan Zee"]
[Date "2001.01.28"]
[Round "11"]
[White "Vink, Nico"]
[Black "Radjabov, Teimour"]
[Result "0-1"]
[WhiteElo "2335"]
[BlackElo "2483"]
[PlyCount "98"]
[EventDate "2001.01.13"]
[EventType "tourn"]
[EventRounds "11"]
[EventCountry "NED"]
[EventCategory "10"]
[SourceTitle "CBM 081"]
[Source "ChessBase"]
[SourceDate "2001.03.20"]
[SourceVersion "1"]
[SourceVersionDate "2001.03.20"]
[SourceQuality "1"]

1. e4 g6 2. d4 d6 3. Nc3 Bg7 4. Nf3 a6 5. Be3 e6 6. Qd2 b6 7. Be2 Bb7 8. 0-0 Nd7 9. Rfe1 h6 10. h3 Ne7 11. Bf1 g5 12. a4 Ng6 13. d5 e5 14. Ne2 Nf6 15. Ng3 Bc8 16. Nh2 Nf4 17. c4 0-0 18. a5 bxa5 19. Rxa5 h5 20. f3 g4 21. hxg4 hxg4 22. c5 gxf3 23. gxf3 Bh6 24. cxd6 cxd6 25. Rea1 Kh7 26. Kh1 Rg8 27. Qe1 N6h5 28. Bf2 Nxg3+ 29. Bxg3 Qg5 30. Bf2 Nh3 31. Ng4 Bxg4 32. fxg4 Qxg4 33. R5a3 Nf4 34. Bg3 Qh5+ 35. Bh2 Rg4 36. Rg3 Rxg3 37. Qxg3 Rg8 38. Qf2 Bg5 39. Ra3 Qh6 40. Bxa6 Bd8 41. Bf1 Rg4 42. Ra8 Bh4 43. Qa7 Qg6 44. Qe3 Bg3 45. Qf3 Rh4 46. Ra3 Rg4 47. Qe3 Bxh2 48. Bh3 Rh4 49. Bf5 Bg1+ 0-1

[Event "Corus-B"]
[Site "Wijk aan Zee"]
[Date "2001.01.22"]
[Round "6"]
[White "Gulko, Boris F"]
[Black "Vink, Nico"]
[Result "0-1"]
[WhiteElo "2622"]
[BlackElo "2335"]
[PlyCount "96"]
[EventDate "2001.01.13"]
[EventType "tourn"]
[EventRounds "11"]
[EventCountry "NED"]
[EventCategory "10"]
[SourceTitle "CBM 081"]
[Source "ChessBase"]
[SourceDate "2001.03.20"]
[SourceVersion "1"]
[SourceVersionDate "2001.03.20"]
[SourceQuality "1"]

1. Nf3 Nf6 2. c4 e6 3. Nc3 d5 4. d4 c6 5. Bg5 Be7 6. e3 0-0 7. Qc2 Nbd7 8. Rc1 b6 9. cxd5 cxd5 10. Bd3 Bb7 11. 0-0 a6 12. Ne5 h6 13. Bxf6 Bxf6 14. f4 Qe7 15. Qe2 Rfc8 16. a4 g6 17. e4 dxe4 18. Bxe4 Bxe4 19. Nxe4 Rxc1 20. Rxc1 Qd8 21. Nd6 Nxe5 22. dxe5 Be7 23. Rc6 Qd7 24. Qc4 Bd8 25. h3 h5 26. b4 Qa7 27. Qd4 Qd7 28. Qc3 Ra7 29. Kh2 Rc7 30. b5 axb5 31. axb5 Ra7 32. Rc8 Rc7 33. Rxc7 Bxc7 34. Qc6 Qd8 35. Ne4 Kg7 36. Nf6 Bb8 37. Ne8+ Kf8 38. Nf6 Kg7 39. Qc3 Kf8 40. Qa3+ Kg7 41. Qg3 Kf8 42. Qe3 Kg7 43. Kg3 Bc7 44. Qc3 Kf8 45. Kh4 Bb8 46. g3 Kg7 47. Qc6 Qd4 48. Nd7 Kh6 0-1

[Event "NED-ch U20"]
[Site "Nijmegen"]
[Date "2001.??.??"]
[Round "7"]
[White "Vink, Nico"]
[Black "Stellwagen, Daniel"]
[Result "0-1"]
[WhiteElo "2335"]
[BlackElo "2276"]
[PlyCount "66"]
[EventDate "2001.??.??"]
[EventType "swiss"]
[EventRounds "9"]
[EventCountry "NED"]
[SourceTitle "EXT 2002"]
[Source "ChessBase"]
[SourceDate "2001.11.25"]
[SourceVersion "1"]
[SourceVersionDate "2001.11.25"]
[SourceQuality "1"]

1. e4 c5 2. Nf3 e6 3. d4 cxd4 4. Nxd4 a6 5. Nc3 Qc7 6. Bd3 Nc6 7. Nde2 Nf6 8. 0-0 Be7 9. h3 0-0 10. Bf4 d6 11. Qd2 Ne5 12. Rad1 b5 13. Qe3 Bb7 14. b3 Rac8 15. a4 b4 16. Nb1 Qb8 17. Kh1 Qa8 18. f3 Nxd3 19. cxd3 d5 20. e5 d4 21. Qxd4 Nd5 22. Qf2 Rc2 23. Rd2 Rfc8 24. Qg3 a5 25. Rxc2 Rxc2 26. Nd4 Rc8 27. Bd2 Ba6 28. f4 Bc5 29. Ne2 Ne7 30. Nc1 Nf5 31. Qh2 Bb7 32. d4 Bxd4 33. Ne2 Qa6 0-1

[Event "NED-ch U20"]
[Site "Nijmegen"]
[Date "2001.??.??"]
[Round "8"]
[White "Vink, Nico"]
[Black "Wortel, Marten"]
[Result "1-0"]
[WhiteElo "2335"]
[BlackElo "2302"]
[PlyCount "75"]
[EventDate "2001.??.??"]
[EventType "swiss"]
[EventRounds "9"]
[EventCountry "NED"]
[SourceTitle "EXT 2002"]
[Source "ChessBase"]
[SourceDate "2001.11.25"]
[SourceVersion "1"]
[SourceVersionDate "2001.11.25"]
[SourceQuality "1"]

1. e4 c5 2. Nf3 d6 3. d4 cxd4 4. Nxd4 Nf6 5. Nc3 Nc6 6. Bc4 Bd7 7. 0-0 g6 8. Bb3 Bg7 9. Nde2 0-0 10. Nf4 Rc8 11. Nfd5 Nxd5 12. Nxd5 Ne5 13. c3 Bb5 14. Bg5 Re8 15. f4 Nc4 16. f5 f6 17. Bc1 g5 18. a4 Ba6 19. Qh5 Rf8 20. Be3 Qe8 21. Qxe8 Rfxe8 22. Bxa7 Nd2 23. Nxe7+ Kf8 24. Nxc8 Nxb3 25. Nxd6 Rd8 26. Nb5 Bxb5 27. axb5 Nxa1 28. Rxa1 Kf7 29. Bd4 Bf8 30. Kf2 Bd6 31. g3 h5 32. Ra7 Rd7 33. Ra8 Re7 34. Ke3 Kg7 35. c4 h4 36. c5 Be5 37. Bxe5 Rxe5 38. Kd4 1-0

[Event "Sonnevanck 9th"]
[Site "Wijk aan Zee"]
[Date "2000.12.02"]
[Round "5"]
[White "Stellwagen, Daniel"]
[Black "Vink, Nico"]
[Result "0-1"]
[WhiteElo "2285"]
[BlackElo "2296"]
[PlyCount "60"]
[EventDate "2000.11.06"]
[EventType "tourn"]
[EventRounds "9"]
[EventCountry "NED"]
[EventCategory "5"]
[SourceTitle "CBM 079 Extra"]
[Source "ChessBase"]
[SourceDate "2001.01.11"]
[SourceVersion "2"]
[SourceVersionDate "2001.01.25"]
[SourceQuality "1"]

1. e4 c5 2. Nf3 d6 3. d4 cxd4 4. Nxd4 Nf6 5. Nc3 a6 6. Be3 e5 7. Nf3 Qc7 8. a4 Be7 9. Bd3 0-0 10. 0-0 Nc6 11. Nd2 Nb4 12. Nc4 Be6 13. b3 d5 14. exd5 Nbxd5 15. Nxd5 Nxd5 16. a5 Bb4 17. Bd2 Rad8 18. Re1 f6 19. g3 Bc5 20. Ra4 Bd4 21. Qf3 Qd7 22. c3 Bg4 23. Bxh7+ Kxh7 24. Qe4+ f5 25. Qc2 b5 26. axb6 Nxb6 27. cxd4 Nxa4 28. bxa4 Qxd4 29. Be3 Qd5 30. Nb6 Qf3 0-1

[Event "Sonnevanck 9th"]
[Site "Wijk aan Zee"]
[Date "2000.11.30"]
[Round "3"]
[White "Vink, Nico"]
[Black "Dgebuadze, Alexandre"]
[Result "1/2-1/2"]
[WhiteElo "2296"]
[BlackElo "2536"]
[PlyCount "60"]
[EventDate "2000.11.06"]
[EventType "tourn"]
[EventRounds "9"]
[EventCountry "NED"]
[EventCategory "5"]
[SourceTitle "CBM 079 Extra"]
[Source "ChessBase"]
[SourceDate "2001.01.11"]
[SourceVersion "2"]
[SourceVersionDate "2001.01.25"]
[SourceQuality "1"]

1. e4 e6 2. d4 d5 3. Nd2 Nf6 4. e5 Nfd7 5. Bd3 c5 6. c3 Nc6 7. Ne2 cxd4 8. cxd4 f6 9. exf6 Nxf6 10. Nf3 Bd6 11. 0-0 Qc7 12. Nc3 a6 13. Bg5 0-0 14. Bh4 Bd7 15. Re1 Rae8 16. Rc1 Bf4 17. Rc2 Qd6 18. a3 Re7 19. Bf1 Be8 20. g3 Bh6 21. g4 Bf4 22. h3 Bg6 23. Rce2 Ree8 24. Ne5 Nd7 25. Nxg6 hxg6 26. Bg2 g5 27. Rxe6 Rxe6 28. Rxe6 Qb8 29. Bg3 Bxg3 30. fxg3 Qxg3 1/2-1/2

[Event "EU-ch U20"]
[Site "Aviles"]
[Date "2000.08.26"]
[Round "10"]
[White "Vink, Nico"]
[Black "Burstein, Roman"]
[Result "1-0"]
[WhiteElo "2296"]
[BlackElo "2391"]
[PlyCount "55"]
[EventDate "2000.08.18"]
[EventType "swiss"]
[EventRounds "11"]
[EventCountry "ESP"]
[SourceTitle "CBM 077 Extra"]
[Source "ChessBase"]
[SourceDate "2000.09.14"]
[SourceVersion "1"]
[SourceVersionDate "2000.09.14"]
[SourceQuality "1"]

1. e4 c5 2. Nf3 e6 3. d4 cxd4 4. Nxd4 a6 5. Nc3 Qc7 6. Be2 b5 7. f4 Bc5 8. Be3 Qb6 9. Bf3 Bb7 10. Qd3 Nc6 11. 0-0-0 Nf6 12. Rhe1 Rc8 13. a3 h5 14. e5 Ng4 15. Bxg4 hxg4 16. Nf5 Bxe3+ 17. Rxe3 exf5 18. Qxd7+ Kf8 19. Nd5 Qa7 20. e6 fxe6 21. Qd6+ Kg8 22. Qxe6+ Kf8 23. Qxf5+ Kg8 24. Nf6+ gxf6 25. Qg6+ Kf8 26. Qxf6+ Kg8 27. Qg6+ Kf8 28. Qf5+ 1-0

[Event "EU-ch U20"]
[Site "Aviles"]
[Date "2000.08.21"]
[Round "6"]
[White "Vink, Nico"]
[Black "Reinaldo Castineira, Roi"]
[Result "1/2-1/2"]
[WhiteElo "2296"]
[BlackElo "2416"]
[PlyCount "63"]
[EventDate "2000.08.18"]
[EventType "swiss"]
[EventRounds "11"]
[EventCountry "ESP"]
[SourceTitle "CBM 077 Extra"]
[Source "ChessBase"]
[SourceDate "2000.09.14"]
[SourceVersion "1"]
[SourceVersionDate "2000.09.14"]
[SourceQuality "1"]

1. e4 e6 2. d4 d5 3. Nd2 Nf6 4. e5 Nfd7 5. Bd3 c5 6. c3 Nc6 7. Ne2 cxd4 8. cxd4 f6 9. exf6 Nxf6 10. Nf3 Bd6 11. 0-0 0-0 12. Nc3 Bd7 13. Re1 Kh8 14. a3 Qb6 15. Bf1 Rae8 16. Bg5 Re7 17. b4 a6 18. Rc1 Be8 19. Na4 Qc7 20. Nc5 Bh5 21. Be2 Bxf3 22. Bxf3 Bxh2+ 23. Kh1 Bf4 24. Bxf4 Qxf4 25. Rxe6 Ne4 26. Kg1 Ng5 27. Rxe7 Nxf3+ 28. Qxf3 Qxc1+ 29. Kh2 Qh6+ 30. Kg1 Qc1+ 31. Kh2 Qh6+ 32. Kg1 1/2-1/2

[Event "EU-ch U20"]
[Site "Aviles"]
[Date "2000.08.20"]
[Round "5"]
[White "Andres Gonzalez, Ivan"]
[Black "Vink, Nico"]
[Result "0-1"]
[WhiteElo "2176"]
[BlackElo "2296"]
[PlyCount "80"]
[EventDate "2000.08.18"]
[EventType "swiss"]
[EventRounds "11"]
[EventCountry "ESP"]
[SourceTitle "CBM 077 Extra"]
[Source "ChessBase"]
[SourceDate "2000.09.14"]
[SourceVersion "1"]
[SourceVersionDate "2000.09.14"]
[SourceQuality "1"]

1. e4 c5 2. Nf3 d6 3. d4 cxd4 4. Nxd4 Nf6 5. Nc3 a6 6. Bg5 e6 7. f4 Be7 8. Qf3 Qc7 9. 0-0-0 Nbd7 10. g4 b5 11. Bxf6 Nxf6 12. g5 Nd7 13. f5 Bxg5+ 14. Kb1 Ne5 15. Qh5 Qd8 16. Nxe6 Bxe6 17. fxe6 g6 18. exf7+ Kxf7 19. Qe2 Kg7 20. Bh3 Re8 21. Rhf1 Ra7 22. Qf2 Rc7 23. Nd5 Rc5 24. Nf4 Bxf4 25. Qxf4 Qe7 26. Rd5 Nc4 27. b3 Rxd5 28. exd5 Qe1+ 29. Rxe1 Rxe1+ 30. Qc1 Rxc1+ 31. Kxc1 Nb6 32. c4 bxc4 33. bxc4 Kf6 34. Bf1 Ke5 35. Kc2 Kd4 36. c5 Kxc5 37. Bxa6 Nxd5 38. a3 Ne3+ 39. Kd3 Ng4 40. h4 d5 0-1